| 000 | 00407nam a2200157 i 4500 | ||
|---|---|---|---|
| 001 | 66059 | ||
| 003 | ES-MaACL | ||
| 005 | 20230906165532.0 | ||
| 007 | t| | ||
| 008 | 040126s1973 sp ||||1| spa d | ||
| 100 | 1 |
_aGabaldoni, Luis E. _953117 |
|
| 245 | 1 | 0 |
_aDivertimentos / _cLuis E. Gabaldoni. |
| 260 |
_aMadrid : _bCabal, _c[1973] |
||
| 300 |
_a123 p. ; _c17 cm. |
||
| 852 |
_aES-MaACL _jC-54609 _bR.87529 |
||
| 999 |
_c66059 _d66059 |
||